| 000 | 00804nmc a2200301 a 4500 | ||
|---|---|---|---|
| 003 | AR-BaBNM | ||
| 005 | 20251128210008.0 | ||
| 008 | 248119s1997 ||||||||||||||000 | spa|| | ||
| 020 | _a950-23-0655-4 | ||
| 040 | _cAR-BaBNM | ||
| 100 | 1 | _aLyotard, Jean-François | |
| 245 | 1 | 0 |
_aLecturas de infancia _bJoyce - Kafka - Arendt - Sartre - Valéry - Freud |
| 250 | _a1ª ed. | ||
| 260 |
_aBuenos Aires _bEudeba _c1997 |
||
| 300 | 0 | _a153 p. | |
| 490 | 0 | _aPensamiento contemporáneo | |
| 650 | 4 | _aTEORIA LITERARIA | |
| 650 | 4 | _aCRITICA LITERARIA | |
| 650 | 4 | _aLITERATURA CONTEMPORANEA | |
| 650 | 4 | _aESCRITORES | |
| 650 | 4 | _aSEMIOLOGIA | |
| 650 | 4 | _aPSICOANALISIS | |
| 650 | 4 | _aENSAYO | |
| 655 | _aLITERATURA | ||
| 800 | 1 |
_aUrribarri, Fernando _edirector |
|
| 942 | _cBK | ||
| 998 | _cMARTIN | ||
| 999 |
_c13635 _d13635 |
||